Southville International School and Colleges
Your cart is empty.
  • Cart
  • Lists
    Public lists list_1 View all
    Your lists Log in to create your own lists
  • Log in to your account
  • Your cookies
  • Search history
Southville International School and Colleges
  • Advanced search
  • Recent comments
  • Most popular
  • Libraries

Log in to your account

Log in with GOOGLE


If you do not have an external account, but do have a local account, you can still log in:

  1. Home
  2. MARC view: WorldPerfect 5.0 /
Normal view MARC view ISBD view

WorldPerfect 5.0 / (Record no. 19723)

[ view plain ]
MARC details
000 -LEADER
fixed length control field 00561nam a2200205 a 4500
005 - DATE AND TIME OF LATEST TRANSACTION
control field 20140310183154.0
008 - FIXED-LENGTH DATA ELEMENTS--GENERAL INFORMATION
fixed length control field 970101s19uu xx 00 eng d
020 ## - INTERNATIONAL STANDARD BOOK NUMBER
International Standard Book Number 0943518970
050 ## - LIBRARY OF CONGRESS CALL NUMBER
Classification number QA 76.76
Item number .K94 1988
100 ## - MAIN ENTRY--PERSONAL NAME
Personal name Kruman, Rob
245 ## - TITLE STATEMENT
Title WorldPerfect 5.0 /
Statement of responsibility, etc Rob Kruman.
260 ## - PUBLICATION, DISTRIBUTION, ETC. (IMPRINT)
Place of publication, distribution, etc Oregon :
Name of publisher, distributor, etc Management Information Sources,
Date of publication, distribution, etc 1988.
300 ## - PHYSICAL DESCRIPTION
Extent 661 p. :
Other physical details ill. ;
Dimensions 25 cm.
500 ## - GENERAL NOTE
General note Includes index.
521 ## - TARGET AUDIENCE NOTE
Target audience note
650 ## - SUBJECT ADDED ENTRY--TOPICAL TERM
Topical term or geographic name as entry element Worldperfect (computer file)
650 ## - SUBJECT ADDED ENTRY--TOPICAL TERM
Topical term or geographic name as entry element Word processing
942 ## - ADDED ENTRY ELEMENTS (KOHA)
Koha item type Books
Source of classification or shelving scheme Library of Congress Classification
Call number prefix Foreign
Holdings
Withdrawn status Lost status Source of classification or shelving scheme Damaged status Home library Current library Shelving location Date acquired Total Checkouts Full call number Barcode Date last seen Copy number Price effective from Koha item type
    Library of Congress Classification   College Library College Library General Circulation Section 04/25/2003   QA 76.76 .K94 1988 C1081 05/15/2018 1 10/10/2013 Books

WorldPerfect 5.0 /

APA

Kruman R., . (1988). WorldPerfect 5.0. Oregon: Management Information Sources.

Chicago

Kruman Rob, . 1988. WorldPerfect 5.0. Oregon: Management Information Sources.

Harvard

Kruman R., . (1988). WorldPerfect 5.0. Oregon: Management Information Sources.

MLA

Kruman Rob, . WorldPerfect 5.0. Oregon: Management Information Sources. 1988.

  • Place hold
  • Print
  • Cite
  • Add to your cart (remove)
  • Save record
    BIBTEX Dublin Core MARCXML MARC (non-Unicode/MARC-8) MARC (Unicode/UTF-8) MARC (Unicode/UTF-8, Standard) MODS (XML) RIS
  • More searches
    Search for this title in:
    Other Libraries (WorldCat) Other Databases (Google Scholar) Online Stores (Bookfinder.com) Open Library (openlibrary.org)

Exporting to Dublin Core...

SOUTHVILLE LIBRARY

Southville International School and Colleges Library

1281 Tropical Ave. Cor. Luxembourg St., BF Homes International, Las Pinas City

Tel. No. 8256374 / 252358 Loc. 117/146

Powered by Koha